International trade and economic growth : (Record no. 6375)
[ view plain ]
| 000 -LEADER | |
|---|---|
| fixed length control field | 00781cam a2200253 a 4500 |
| 001 - CONTROL NUMBER | |
| control field | 6375 |
| 003 - CONTROL NUMBER IDENTIFIER | |
| rucl marc code | BD-RjUL |
| 005 - DATE AND TIME OF LATEST TRANSACTION | |
| control field | 20211208234231.0 |
| 008 - FIXED-LENGTH DATA ELEMENTS--GENERAL INFORMATION | |
| fixed length control field | 14 r19611958enka b 001 0 eng |
| 035 ## - SYSTEM CONTROL NUMBER | |
| System control number | (BD-RjUL)6415 |
| 040 ## - CATALOGING SOURCE | |
| Original cataloging agency | DLC |
| Transcribing agency | IQU |
| Modifying agency | EQO |
| -- | BD-RjUL |
| Language of cataloging | eng |
| 041 ## - LANGUAGE CODE | |
| Language code of text/sound track or separate title | eng |
| 082 00 - DEWEY DECIMAL CLASSIFICATION NUMBER | |
| Classification number | 382 |
| Edition number | 16 |
| Author mark and year | JOI 1961 |
| 100 1# - MAIN ENTRY--PERSONAL NAME | |
| Personal name | Johnson, Harry G. |
| Fuller form of name | (Harry Gordon), |
| Dates associated with a name | 1923-1977. |
| 9 (RLIN) | 5795 |
| 245 10 - TITLE STATEMENT | |
| Title | International trade and economic growth : |
| Remainder of title | studies in pure theory / |
| Statement of responsibility, etc. | Harry G. Johnson. |
| 260 ## - PUBLICATION, DISTRIBUTION, ETC. (IMPRINT) | |
| Place of publication, distribution, etc. | London : |
| Name of publisher, distributor, etc. | Allen & Unwin, |
| Date of publication, distribution, etc. | 1958 [impression 1961]. |
| 300 ## - PHYSICAL DESCRIPTION | |
| Pagination | 204 p. : |
| Illustrations | ill. ; |
| Size | 23 cm. |
| 504 ## - BIBLIOGRAPHY, ETC. NOTE | |
| Bibliography, etc | Includes index. |
| 650 #0 - SUBJECT ADDED ENTRY--TOPICAL TERM | |
| Topical term or geographic name as entry element | Commerce. |
| 9 (RLIN) | 20086 |
| Topical term or geographic name as entry element | International economic relations. |
| 9 (RLIN) | 20087 |
| 942 ## - ADDED ENTRY ELEMENTS (KOHA) | |
| Source of classification or shelving scheme | Dewey Decimal Classification |
| Koha item type | Books |
| Lost status | Source of classification or shelving scheme | Damaged status | Not for loan | Collection code | Permanent Location | Current Location | Shelving location | Date acquired | Source of acquisition | Cost, normal purchase price | Total Checkouts | Full call number | Date last seen | Copy number | Koha item type |
|---|---|---|---|---|---|---|---|---|---|---|---|---|---|---|---|
| Dewey Decimal Classification | Non-fiction | Central Library, University of Rajshahi | Central Library, University of Rajshahi | 10/12/1962 | Zeitlinger | 25.00 | 382 JOI 1961 | 11/01/2014 | C-4 | Books | |||||
| Dewey Decimal Classification | Non-fiction | Central Library, University of Rajshahi | Central Library, University of Rajshahi | 03/06/1968 | Zeitlinger | 15.00 | 382 JOI 1967 | 30/07/2016 | C-2 | Books | |||||
| Dewey Decimal Classification | Non-fiction | Central Library, University of Rajshahi | Central Library, University of Rajshahi | 30/11/1968 | Zeitlinger | 15.00 | 382 JOI 1967 | 30/07/2016 | C-3 | Books | |||||
| Dewey Decimal Classification | Non-fiction | Central Library, University of Rajshahi | Central Library, University of Rajshahi | 04/11/1965 | Zeitlinger | 25.00 | 382 JOI 1961 | 23/08/2016 | C-5 | Books | |||||
| Dewey Decimal Classification | Non-fiction | Central Library, University of Rajshahi | Central Library, University of Rajshahi | 10/12/1962 | Zeitlinger | 25.00 | 382 JOI 1961 | 23/08/2016 | C-6 | Books | |||||
| Dewey Decimal Classification | Non-fiction | Central Library, University of Rajshahi | Central Library, University of Rajshahi | 04/11/1965 | Zeitlinger | 25.00 | 382 JOI 1961 | 23/08/2016 | C-7 | Books | |||||
| Dewey Decimal Classification | Non-fiction | Central Library, University of Rajshahi | Central Library, University of Rajshahi | 04/11/1965 | Zeitlinger | 25.00 | 382 JOI 1961 | 23/08/2016 | C-8 | Books | |||||
| Dewey Decimal Classification | Non-fiction | Central Library, University of Rajshahi | Central Library, University of Rajshahi | 28/11/1962 | Zeitlinger | 25.00 | 382 JOI 1961 | 23/08/2016 | C-9 | Books | |||||
| Dewey Decimal Classification | Non-fiction | Central Library, University of Rajshahi | Central Library, University of Rajshahi | 28/11/1962 | Zeitlinger | 25.00 | 382 JOI 1961 | 23/08/2016 | C-10 | Books | |||||
| Dewey Decimal Classification | Not For Loan | Non-fiction | Central Library, University of Rajshahi | Central Library, University of Rajshahi | Reading Room | 16/03/1963 | Zeitlinger | 25.00 | 382 JOI 1961 | 23/08/2016 | C-1 | Books |